000 012170000a22002050004500
041 0 _aSPA
082 0 4 _aG 171 H921t
100 1 _aHume, David (1711-1776)
245 1 0 _aTratado de la naturaleza humana : Ensayo para introducir el método del razonamiento humano en los asuntos morales / David Hume ; Francisco Larroyo, Estudio introductivo y análisis de la obra, Vicente Viqueira, Traductor
260 _aMéxico D.F., México : Porrúa
300 _a407 Pag.
500 _aTítulo original : A treatise of human nature
505 0 0 _aestudio introductivo -- del entendimiento -- de las ideas: su origen, composición, abstracción, conexión. etcétera -- de las ideas del espacio y el tiempo -- del conocimiento y la probabilidad -- del sistema escéptico y de otros sistemas de filosofía -- de las pasiones -- del orgullo y la humildad -- del amor y el odio -- de la voluntad y las pasiones directas -- de la moral -- de la virtud y el vicio en general -- de la justicia y la injusticia -- de otras virtudes y vicios
650 1 4 _aTEORIA DEL CONOCIMIENTO
001 1213
942 _cBK
999 _c32537
_d32537
336 _atexto
_btxt
_2rdacontent
337 _2rdamedia
_asin mediación
_bn
338 _2rdacarrier
_avolumen
_bnc